Постановление ГКО СССР № 3153 о мероприятиях по увеличению производства цемента, оконного стекла и кровельных материалов во 2 кв...

RUSMARC
00005115cbm0a2200313#x 450
001ea362e3d-11c4-402a-a18f-163020dde099
00520241001170635.0
100##$a20240930j19430409k###0rusy50 ca
1010#$arus
102##$aRU
105##$ay###z########
1220#$ad19430409##
2001#$aПостановление ГКО СССР № 3153 о мероприятиях по увеличению производства цемента, оконного стекла и кровельных материалов во 2 квартале 1943 г., с приложением ведомости сырья, материалов и запасных частей, выделяемых для цементной, стекольной и кровельной промышленности Наркомата промышленности строительных материалов на 2 квартал 1943 г.
$j9 апреля 1943 г.
251##$cДокумент
300##$aРассылочный и подлинный экземпляры
461#0$12001
$aФ. 644
$1251
$cФонд
$1852
$j644
462#0$12001
$aОп. 1
$1251
$cОпись
$1852
$j1
60101$2nlr_sh
$3RU\NLR\AUTH\661357733
$aСССР
$bГосударственный Комитет Обороны
$xИстория
$jДокументы и материалы
605##$2acquisition_Prlib
$3LIBNET\UAF\0000088514
$aВторая мировая война в архивных документах (Комплекс оцифрованных архивных документов, кино- и фотоматериалов)
$lколлекция
605##$2acquisition_Prlib
$3DITM\AF\0000002775
$aВласть
$lколлекция
6061#$2nlr_sh
$3RU\NLR\AUTH\661323374
$aПромышленность
$xИстория
$yСССР
$z1941 - 1945
$jДокументы и материалы
6061#$2nlr_sh
$3RU\NLR\AUTH\661280795
$aВеликая Отечественная война
$z1941 - 1945
$xТыл(воен.)
$jДокументы и материалы
686##$a65.03(2)622ю1
$2rubbk
$vLBC/M
686##$a63.3(2)622,12ю1
$2rubbk
$vLBC/M
801#0$aRU
$bПБ им. Б.Н. Ельцина
$c20240930
801#1$aRU
$bПБ им. Б.Н. Ельцина
$c20240930
$2rusmarc
801#2$aRU
$bПБ им. Б.Н. Ельцина
$c20241001
$2rusmarc
850##$aРоссийский государственный архив социально-политической истории
852##$aРГАСПИ
$jД. 102. Л. 104-111; Оп. 2. Д. 153. Л. 148-156об.
035##$aLIBNET\0001426487
937##$d194149926
$hФедеральное архивное агентство
8564#$uhttp://readingroom.main.prlib.ru/item.aspx?id_node=n194149926&mode=full
Формат отображения